| 000 | 00534nam a2200181Ia 4500 | ||
|---|---|---|---|
| 005 | 20250508161109.0 | ||
| 008 | 008 250505s9999 xx 000 0 eng d | ||
| 037 | _aBooks to be hide in OPAC | ||
| 040 |
_aFEDL _beng _cFEDL |
||
| 041 |
_aeng _2eng |
||
| 084 |
_a378.54, IND/O _qFEDL |
||
| 245 | 0 | _aDirectory of instittution for higher education 1969 | |
| 245 | 0 | _cIndia. Government of.Education (Ministry of......) | |
| 260 | _c1969 | ||
| 300 | _a323p. | ||
| 942 |
_cHB _h378.54, IND/O |
||
| 999 |
_c1368420 _d1368420 |
||